000 01796nam a2200385 a 4500
999 _c61298
_d61298
003 BLK
005 20240202162236.0
008 180408b bul|||||r ||||||| ||bul||
040 _aBLK
041 _aBUL
_cBUL
080 _aБългарска литература
_b821.163.2
_x.09
_z821.163.2.09
139 _aИстория на българската литература
_bИ 95
245 1 0 _aИстория на българската литература
_bВ 4 т.
_cглав. ред. Стойко Божков.
_nТ. 4
_pБългарската литература от края на Първата световна война до Девети септември 1944 година
257 _aBGR
260 _bБАН
_c1962 -
_aСофия
300 _c24 см
380 _a80
650 4 _aБългарска литература - история
_9246271
650 4 _aЛитературна критика, българска
_9241943
651 4 _aБългария
_9241624
653 _aистория
653 _aбългарска литература
653 _aлитературна критика
700 1 _aБожков, Стойко
_eглав. ред.
_9367412
760 1 _d1976
_h932 с. : с портр. и факс.
_nБиблиогр. с. 884-902. - Азб. показалец.
_tТ. 4 Българската литература от края на Първата световна война до Девети септември 1944 година
852 _aЦб 25112
_bЦб
856 4 _qpdf
856 4 _qpdf
942 _cKNG
_n0
_05
_s1
944 _aCR
_c13.06.2004
_k30532
_lМира Стойчева
944 _aED
_c22.06.2016
_kНора_Радева
944 _aED
_c2022-02-21
_kСТ
999 _d61298
999 _d61298